| 000 | 00622nam a22001577a 4500 | ||
|---|---|---|---|
| 003 | OSt | ||
| 005 | 20151202160853.0 | ||
| 008 | 151202b xxu||||| |||| 00| 0 eng d | ||
| 040 | _cRUA | ||
| 082 | _aFIS PON 2008 B180 Or.1 | ||
| 100 |
_94167 _aPON, SINATH. |
||
| 245 | _aStatus of self-recruited pond in romeas hek district svay rieng province, ស្ថានភាពចិញ្ចឹមត្រីធម្មជាតិក្នុងបៀរនៅស្រុករមាសហែកខេត្តស្វាយរៀង | ||
| 260 |
_aPhnom Penh _bRUA _c2008 |
||
| 300 |
_ax; 53p. _bill. _c29cm. |
||
| 942 |
_2ddc _cFIS |
||
| 999 |
_c3881 _d3881 |
||